000 01181cam a22003853 4500
999 _c109913
_d109913
003 BJBSDDR
005 20230411085943.0
007 ta
008 090622s2009 sp 000 0 spa d
020 _a9788496797123
020 _a8496797120
035 _a(OCoLC)ocn406164896
035 _a(OCoLC)406164896
040 _aBTCTA
_cBTCTA
_bspa
041 _aspa
049 _aGRAL
050 1 4 _aCB 113
_bE56 2009
082 0 0 _a909
100 1 _aCourbage, Youssef,
_d1946-
240 1 0 _aRendez-vous des civilisations.
_lEspañol
245 1 0 _aEncuentro de civilizaciones /
_cYoussef Courbage y Emmanuel Todd ; traducción de Marisa Pérez Colina.
260 _aTres Cantos :
_bFoca Ediciones ;
_c2009.
300 _a175 p. :
_bil. ;
_c22 cm.
440 _aFoca investigación ;
_v93
500 _aTraducción de: Le rendez-vous des civilisations.
650 4 _9146
_aCivilización
650 0 _aHistoria universal
_9735
650 4 _91143
_aIslamismo
700 1 _913604
_aTodd, Emmanuel,
_d1951-
700 1 _aPérez Colina, Marisa,
_d1968-
_etraductora
_99197
720 _aCourbage, Y.
720 _aTodd, Em
942 _2lcc
_cBK
946 _aAAG